| 000 | 00527nam a2200181Ia 4500 | ||
|---|---|---|---|
| 005 | 20250423095233.0 | ||
| 008 | 250422s9999 xx 000 0 und d | ||
| 020 | _a9781439803219 | ||
| 050 | _aQA 76.76.D47 .S3/ | ||
| 100 | _aSchiel, James | ||
| 245 | 0 | _aEnterprise-scale agile software development | |
| 260 | _aBoca Raton | ||
| 260 | _b CRC Press | ||
| 260 | _c2010 | ||
| 300 | _a364 p | ||
| 650 | _a Agile software development. Scrum (Computer software development) eXtreme programming. | ||
| 942 | _cBK | ||
| 999 |
_c29661 _d29661 |
||